000 00690nam a2200217 a 4500
001 000035884
005 20200930074706.0
008 090630s2007 dr r 000 0 spa d
020 _a9789945410334
040 _aDO-SdBNP
_bspa
_cBNPHU
082 _a641.597293
_bA717c
100 1 _aAristy, Estela
_961880
245 1 0 _aCocina criolla dominicana /
_cEstela Aristy.
260 _aSanto Domingo :
_bLetra gráfica,
_c2007.
300 _a206 p. ;
_c23 cm.
500 _aLa biblioteca posee la primera reimpresión del 2009
590 _aInventariado, 2018/BT
650 4 _aCocina dominicana
_9192
650 4 _aPreparación de alimentos
_9193
910 _aValidado. Control de calidad. MFF
999 _c35375
_d35375